MARC details
| 000 -CABECERA |
| campo de control de longitud fija |
03088nam a2200493 a 4500 |
| 001 - NÚMERO DE CONTROL |
| campo de control |
Z_76 |
| 003 - IDENTIFICADOR DEL NÚMERO DE CONTROL |
| campo de control |
CHAP |
| 005 - FECHA Y HORA DE LA ÚLTIMA TRANSACCIÓN |
| campo de control |
20250514131737.0 |
| 007 - CAMPO FIJO DE DESCRIPCIÓN FÍSICA--INFORMACIÓN GENERAL |
| campo de control de longitud fija |
ta |
| 008 - DATOS DE LONGITUD FIJA--INFORMACIÓN GENERAL |
| campo de control de longitud fija |
220601s1982 mx a fr 001 0 spa d |
| 020 ## - NÚMERO INTERNACIONAL ESTÁNDAR DEL LIBRO |
| Número Internacional Estándar del Libro |
968-24-1159-9 |
| 040 ## - FUENTE DE LA CATALOGACIÓN |
| Centro catalogador/agencia de origen |
Z |
| Centro/agencia transcriptor |
CHAP |
| Normas de descripción |
rda |
| 041 0# - CÓDIGO DE LENGUA |
| Código de lengua del sumario o resumen |
Español |
| Código de lengua de la tabla de contenido |
Español |
| 082 ## - NÚMERO DE LA CLASIFICACIÓN DECIMAL DEWEY |
| Número de clasificación |
631.55 |
| Número de documento/Ítem |
C67 1982 |
| Número de edición |
20 |
| 245 00 - MENCIÓN DE TÍTULO |
| Título |
Cosechadoras de forrajes / |
| Mención de responsabilidad, etc. |
Basado en el trabajo de Johan D. Berlijn; colaboradores Pieter M. Rijk, I. De la Rosa Peñaloza, N. Paulpin Torres y E. López González; revisión C. Glass Pastor |
| 250 ## - MENCIÓN DE EDICIÓN |
| Mención de edición |
Primera edición |
| Resto de la mención de edición |
(reimpresión 2007) |
| 264 #1 - PRODUCCIÓN, PUBLICACIÓN, DISTRIBUCIÓN, FABRICACIÓN Y COPYRIGHT |
| Producción, publicación, distribución, fabricación y copyright |
México : |
| Nombre del de productor, editor, distribuidor, fabricante |
Trillas, |
| Fecha de producción, publicación, distribución, fabricación o copyright |
1982 |
| 300 ## - DESCRIPCIÓN FÍSICA |
| Extensión |
88 páginas : |
| Otras características físicas |
ilustraciones |
| 336 ## - TIPO DE CONTENIDO |
| Fuente |
rdacontent |
| Término de tipo de contenido |
texto |
| Código de tipo de contenido |
txt |
| 337 ## - TIPO DE MEDIO |
| Fuente |
rdamedia |
| Nombre/término del tipo de medio |
sin medio |
| Código del tipo de medio |
n |
| 338 ## - TIPO DE SOPORTE |
| Fuente |
rdacarrier |
| Nombre/término del tipo de soporte |
volumen |
| Código del tipo de soporte |
nc |
| 490 1# - MENCIÓN DE SERIE |
| Mención de serie |
Manuales para educación agropecuaria: Área mecánica agrícola; 47 (Trillas) |
| 500 ## - NOTA GENERAL |
| Nota general |
Esta serie se llevó a cabo bajo la supervisión del Ir. Johan D. Berlijn, oficial técnico de la FAO y fue realizada por 15 técnicos mexicanos, así como por 20 técnicos internacionales. |
| 500 ## - NOTA GENERAL |
| Nota general |
La Biblioteca cuenta con la reimpresión del 2007 |
| 500 ## - NOTA GENERAL |
| Nota general |
ej.1- ej.2: C/E \ ej.3 - ej.4: Donación Biblioteca Central \ ej.5 - ej.7: C/E \ ej.8 - ej.9: S/N (sin sellos) Inventario Interno: 0030 - 0031 |
| 504 ## - NOTA DE BIBLIOGRAFÍA, ETC. |
| Nota de bibliografía, etc. |
Incluye bibliografía |
| 505 0# - NOTA DE CONTENIDO CON FORMATO |
| Nota de contenido con formato |
Prólogo -- Advertencia -- 1. Introducción -- 2. Máquinas segadoras -- 3. Máquinas picadoras-sopladoras -- 4. Máquinas de henificación -- 5. Máquinas empacadoras -- 6. Manipuleo del forraje -- 7. Métodos de cosecha de forrajes |
| 520 ## - SUMARIO, ETC. |
| Sumario, etc. |
Este manual describe la maquinaria utilizada en la cosecha y e manejo de forrajes: segadoras, picadoras-sopladoras, máquinas de henificación y empacadoras, así como el equipo para el manipuleo de forraje y los métodos de cosecha de los mismos, los cuales permiten a los productores agropecuarios obtener un producto de alta calidad alimenticia para el ganado. por medio de las operaciones mecanizadas es posible, por una parte, obtener mayores ganancias en la producción de leche y carne, y por otra, lograr una adecuada conservación de alimentos para ser utilizados en invierno o en otros periodos de menor producción forrajera, así como mantener los pastos en mejor estado. |
| 650 #0 - PUNTO DE ACCESO ADICIONAL DE MATERIA--TÉRMINO DE MATERIA |
| Término de materia o nombre geográfico como elemento de entrada |
Maquinaria y equipamiento agrícola |
| 9 (RLIN) |
146124 |
| 650 13 - PUNTO DE ACCESO ADICIONAL DE MATERIA--TÉRMINO DE MATERIA |
| Término de materia o nombre geográfico como elemento de entrada |
Cosechadoras de forrajes |
| 9 (RLIN) |
137262 |
| 650 13 - PUNTO DE ACCESO ADICIONAL DE MATERIA--TÉRMINO DE MATERIA |
| Término de materia o nombre geográfico como elemento de entrada |
Cosechadoras |
| 9 (RLIN) |
28442 |
| 650 13 - PUNTO DE ACCESO ADICIONAL DE MATERIA--TÉRMINO DE MATERIA |
| Término de materia o nombre geográfico como elemento de entrada |
Cosechadoras de forrajes |
| 9 (RLIN) |
137262 |
| 700 1# - PUNTO DE ACCESO ADICIONAL--NOMBRE DE PERSONA |
| Nombre de persona |
Berlijn, Johan D. |
| 9 (RLIN) |
11826 |
| Término indicativo de función/relación |
director |
| 700 1# - PUNTO DE ACCESO ADICIONAL--NOMBRE DE PERSONA |
| Nombre de persona |
Rijt, Pieter M. |
| 9 (RLIN) |
187504 |
| Término indicativo de función/relación |
colaborador |
| 700 1# - PUNTO DE ACCESO ADICIONAL--NOMBRE DE PERSONA |
| Nombre de persona |
De la Rosa Peñaloza, I. |
| 9 (RLIN) |
190282 |
| Término indicativo de función/relación |
colaborador |
| 700 1# - PUNTO DE ACCESO ADICIONAL--NOMBRE DE PERSONA |
| Nombre de persona |
Torres, Paulín N. |
| Término indicativo de función/relación |
colaborador |
| 9 (RLIN) |
187525 |
| 700 1# - PUNTO DE ACCESO ADICIONAL--NOMBRE DE PERSONA |
| Nombre de persona |
Lopez González, E. |
| 9 (RLIN) |
187522 |
| Término indicativo de función/relación |
colaborador |
| 700 1# - PUNTO DE ACCESO ADICIONAL--NOMBRE DE PERSONA |
| Nombre de persona |
Pastor, C. Glass |
| 9 (RLIN) |
85979 |
| Término indicativo de función/relación |
revisión |
| 830 ## - PUNTO DE ACCESO ADICIONAL DE SERIE-TÍTULO UNIFORME |
| 9 (RLIN) |
137261 |
| Título uniforme |
Manuales para educación agropecuaria: Área mecánica agrícola; 47 (Trillas) |
| 942 ## - ELEMENTOS DE PUNTO DE ACCESO ADICIONAL (KOHA) |
| Tipo de ítem Koha |
Libro |
| Fuente del sistema de clasificación o colocación |
Dewey Decimal Classification |
| 901 ## - ELEMENTOS DE DATOS A LOCAL LDA (RLIN) |
| a |
631.55 C67 1988 |
| 902 ## - ELEMENTOS DE DATOS B LOCAL, LDB (RLIN) |
| a |
M |
| 905 ## - ELEMENTOS DE DATOS E LOCAL, LDE (RLIN) |
| a |
0000001982 reimp. 1987 mx a 0000000000spa00 |